000
00306nam a2200121Ia 4500
008
190802s9999 xx 000 0 und d
020
_a
978-969-637-141-0
100
_a
Muhammad Nauman
245
0
_a
Comprehensive MCQs in Biochemistry
260
_a
India
_b
Paramount
_c
2016
300
_a
537:p
942
_c
BK
999
_c
2183
_d
2183